Largest Cities in the World Beginning With 'Al' - Statistics

General Stats
  • This quiz has been taken 119 times
  • The average score is 7 of 20
Answer Stats
# Population Country Answer % Correct
1 6,200,000 Egypt Alexandria
99%
2 4,250,000 Algeria Algiers
98%
4 1,940,000 Syria Aleppo
89%
3 2,625,000 Kazakhstan Almaty
89%
10 514,393 Spain Alicante
64%
9 593,142 United States Albany - Schenectady
53%
8 769,837 United States Albuquerque
49%
7 1,039,608 United States Allentown - Bethlehem
40%
5 1,560,000 India Allahabad
33%
19 214,691 Spain Almeria
30%
11 496,205 United Arab Emirates Al Ain
21%
6 1,410,000 India Aligarh
21%
18 226,931 Spain Algeciras - La Linea
12%
20 189,222 Turkey Alanya
10%
12 409,994 Yemen Al-Hudaydah
4%
16 254,800 Malaysia Alor Setar
2%
17 240,991 India Alappuzha
1%
15 295,462 Saudi Arabia Al-Kharj
0%
14 298,021 Egypt Al-Minyā
0%
13 341,422 India Alwar
0%
No matching quizzes found
Score Distribution
Percent of People with Each Score
Percentile by Number Answered
Your Score History
You have not taken this quiz